Auswanderungen Mauritius - Statistiken

Allgemein
  • Dieses Quiz wurde 45 mal gespielt
    34 seit der letzten Aktualisierung
  • Das Durchschnittsergebnis liegt bei 7 aus 10
Antwortstatistiken
Platz Land Anzahl % Korrekt
7. Vereinigte Staaten 2.983
90%
6. Italien 9.600
84%
10. Spanien 2.009
84%
3. Frankreich 24.329
81%
4. Kanada 15.900
77%
5. Südafrika 14.043
74%
1. Vereinigtes Königreich 93.229
74%
2. Australien 70.123
71%
8. Schweiz 2.873
29%
9. Irland 2.640
26%
Keine übereinstimmenden Quizze gefunden
Verteilung der Resultate
Anzahl Personen mit jedem Resultat
Perzentil nach korrekt beantworteten Fragen
Ihre Resultats-Entwicklung
Sie haben dieses Quiz seit der letzten Aktualisierung nicht gespielt